000 00788nam a22002177a 4500
008 090202t xxu||||| |||| 00| 0 eng d
010 _aENG-92762
020 _c150.00
035 _aEN-76295
037 _bDBAD / PUB
040 _adpl
_bEnglish
082 _a005.453
100 _aSaravanan, S.
245 _aPrinciples of compiler construction /
_cby S. Saravanan
260 _aPerambalur
_bMercury Printers & Publishers
_c2007
300 _a131p. .
_c26cm (pbk)
500 _aIncludes references
650 _aCompilers (Computer programs).
942 _2ddc
_cEN
_mSAR
_h005.453
999 _c22865
_d22865